| 000 | 00741pam a2200241 a 4500 | ||
|---|---|---|---|
| 999 |
_c944 _d944 |
||
| 001 | 491 | ||
| 003 | BD-DhUAP | ||
| 005 | 20210118163352.0 | ||
| 008 | 200129r19851973njua b 001 0 eng | ||
| 020 | _a013231499101 | ||
| 040 |
_aDLC _cBD-DhUAP _dBD-DhUAP _bEng |
||
| 082 | 0 | 0 |
_a338.5 THO _223 |
| 100 | 1 | _aThompson, Arthur A. | |
| 245 | 1 | 0 |
_aEconomics of the firm : _btheory and practice / _cArthur A. Thompson. |
| 250 | _a4th ed. | ||
| 260 |
_aNew Jersey. : _bPrentice-Hall, _cc1973 [1985]. |
||
| 300 |
_axviii, 638 pages : _billustrations ; _c24 cm. |
||
| 504 | _aIncludes bibliographies and index. | ||
| 650 | 0 | _aMicroeconomics. | |
| 650 | 0 | _aManagerial economics. | |
| 906 |
_a7 _bcbc _corignew _d1 _eocip _f19 _gy-gencatlg |
||
| 942 |
_2ddc _cBK |
||